[Event "OLNO 2324 SC Weisse Dame - Forster SC 95"]
[Site "?"]
[Date "2023.11.19"]
[Round "2.2"]
[White "Buyukasik, Diyap"]
[Black "Kleeschaetzky, Rainer"]
[Result "1/2-1/2"]
[WhiteElo "2234"]
[BlackElo "2243"]
[PlyCount "219"]
[EventDate "2023.??.??"]

1. Nf3 d5 2. g3 c6 3. Bg2 Nf6 4. c4 dxc4 5. O-O Nbd7 6. Na3 Nb6 7. Qc2 Be6 8. Ng5 Bg4 9. Nxc4 Bxe2 10. Ne5 Bh5 11. Re1 h6 12. Ne4 e6 13. h3 Nbd7 14. d4 Nd5 15. g4 Nxe5 16. gxh5 Nd7 17. Qb3 Qc7 18. Nc3 Be7 19. Nxd5 cxd5 20. Bd2 O-O 21. Bxd5 exd5 22. Rxe7 Rae8 23. Rae1 Rxe7 24. Rxe7 Qc6 25. Qc3 Qd6 26. Qa3 Qc6 27. Qxa7 Nf6 28. Qxb7 Qc2 29. Be3 Qb1+ 30. Kg2 Qxa2 31. Rc7 Qb1 32. Rc8 Rxc8 33. Qxc8+ Kh7 34. Qb7 Kg8 35. b4 Qe4+ 36. Kh2 Nxh5 37. Qc8+ Kh7 38. Qg4 Nf6 39. Qxe4+ Nxe4 40. b5 Nd6 41. b6 Kg6 42. Bf4 Nb7 43. Be5 f6 44. Bc7 Kf5 45. f3 Ke6 46. Kg3 g6 47. Kf4 Na5 48. Ke3 Kd7 49. f4 f5 50. h4 Nc4+ 51. Ke2 Kc6 52. h5 gxh5 53. Kf3 Nxb6 54. Bd8 Kb5 55. Kg3 Na4 56. Kh4 Kc4 57. Bf6 Kd3 58. Kxh5 Ke4 59. Be5 Nb2 60. Kxh6 Nc4 61. Kg5 Nd2 62. Kh6 Nf1 63. Kg5 Ng3 64. Kg6 Nh1 65. Kg5 Nf2 66. Kh4 Ng4 67. Kg5 Ne3 68. Kg6 Nd1 69. Kg5 Nc3 70. Kg6 Na4 71. Kg5 Nb6 72. Kg6 Nc8 73. Kg5 Ne7 74. Kf6 Nc6 75. Kg5 Na5 76. Kg6 Nb3 77. Kg5 Nc1 78. Kg6 Ne2 79. Kg5 Ng1 80. Kf6 Nh3 81. Ke6 Nf2 82. Kf6 Nd3 83. Kg5 Nb4 84. Kg6 Na2 85. Kg5 Nc1 86. Kg6 Nd3 87. Kg5 Ne1 88. Kg6 Nf3 89. Kf6 Nh4 90. Ke6 Nf3 91. Kf6 Ne1 92. Ke6 Nd3 93. Kd6 Nc1 94. Ke7 Nb3 95. Ke6 Na5 96. Kf6 Nc4 97. Kg5 Na5 98. Kg6 Nb3 99. Kg5 Nc1 100. Kg6 Nd3 101. Kg5 Nf2 102. Kh4 Nd3 103. Kg5 Ne1 104. Kg6 Nf3 105. Kf6 Nh4 106. Ke6 Ng6 107. Kd6 Nh4 108. Ke6 Nf3 109. Kf6 Ng1 110. Ke7 1/2-1/2

[Event "OLNO 2324 SC Weisse Dame - Forster SC 95"]
[Site "?"]
[Date "2023.11.19"]
[Round "2.3"]
[White "Jagodzinski, Piotr"]
[Black "Moeller, Hendrik"]
[Result "1/2-1/2"]
[WhiteElo "2162"]
[BlackElo "2271"]
[PlyCount "178"]
[EventDate "2023.??.??"]

1. Nf3 c5 2. b3 Nf6 3. Bb2 e6 4. e3 b6 5. d4 Bb7 6. dxc5 Bxc5 7. Nbd2 O-O 8. Bd3 Be7 9. O-O Qc7 10. c4 d6 11. Ng5 Nbd7 12. f4 h6 13. Nge4 d5 14. cxd5 Bxd5 15. Nc3 Nc5 16. Bc2 Bb7 17. b4 Ncd7 18. a3 a5 19. b5 Rfd8 20. Qe2 Nc5 21. Nf3 Rac8 22. Rac1 Qb8 23. Ne5 Ncd7 24. Nc6 Bxc6 25. bxc6 Rxc6 26. g4 Nh7 27. Nd5 Bc5 28. Ne7+ Bxe7 29. Bxh7+ Kxh7 30. Rxc6 Bc5 31. Bd4 Qb7 32. Qb5 Bxa3 33. Bxb6 Nxb6 34. Rxb6 Qe7 35. Rb7 Qh4 36. Qe2 Kg8 37. Rd1 Rc8 38. Rb5 Bf8 39. g5 Rc3 40. gxh6 g6 41. Rb8 Kh7 42. Rd7 Be7 43. Kg2 e5 44. Re8 Rxe3 45. Qxe3 Qg4+ 46. Kf1 Qxd7 47. Qxe5 Qd1+ 48. Kg2 Qg4+ 49. Kf2 Qh4+ 50. Ke3 Bf6 51. Qe4 Kxh6 52. Qg2 a4 53. Ra8 Qe1+ 54. Kf3 Qc3+ 55. Kg4 a3 56. Qa2 Qb2 57. Rxa3 Qxa2 58. Rxa2 Bd4 59. Kf3 Kg7 60. Ke4 Bc3 61. Ra6 Bd2 62. h3 Bc3 63. Kd5 Bd2 64. Ra4 Kf6 65. Ke4 Bc3 66. Ra6+ Kg7 67. Kf3 Bd4 68. Kg4 Bc3 69. f5 Bd4 70. h4 gxf5+ 71. Kxf5 Bf2 72. h5 Be3 73. Ra4 Bd2 74. Rg4+ Kh6 75. Kf6 Bc3+ 76. Kxf7 Kxh5 77. Rg3 Be5 78. Rg2 Kh4 79. Ke6 Kh3 80. Rg6 Bg3 81. Kf5 Kg2 82. Ke4 Kf2 83. Rf6+ Kg2 84. Ke3 Be5 85. Rg6+ Kh1 86. Kf2 Bd4+ 87. Kf1 Be5 88. Rh6+ Bh2 89. Rxh2+ Kxh2 1/2-1/2

[Event "OLNO 2324 SC Weisse Dame - Forster SC 95"]
[Site "?"]
[Date "2023.11.19"]
[Round "2.4"]
[White "Waldmann, Hans-Joachim"]
[Black "Bielinski, Dariusz"]
[Result "1-0"]
[WhiteElo "2271"]
[BlackElo "2146"]
[PlyCount "55"]
[EventDate "2023.??.??"]

1. d4 d6 2. e4 g6 3. Bd3 Bg7 4. c3 Nf6 5. Bg5 e5 6. f4 Nbd7 7. Nf3 h6 8. Bh4 Qe7 9. O-O O-O 10. fxe5 dxe5 11. Nbd2 g5 12. Bg3 exd4 13. cxd4 c5 14. Nc4 Ne8 15. d5 b5 16. Ne3 Ndf6 17. e5 Nh5 18. d6 Qb7 19. Nd5 Nxg3 20. hxg3 f5 21. Ne7+ Kh8 22. Nxg5 Bxe5 23. Qh5 Bg7 24. Nf7+ Rxf7 25. Qxf7 Nf6 26. Rxf5 Bxf5 27. Ng6+ Bxg6 28. Qxb7 1-0

[Event "OLNO 2324 SC Weisse Dame - Forster SC 95"]
[Site "?"]
[Date "2023.11.19"]
[Round "2.6"]
[White "Zhou, Lepu Coco"]
[Black "Dabrowski, Grzegorz"]
[Result "1-0"]
[WhiteElo "1955"]
[BlackElo "2106"]
[PlyCount "67"]
[EventDate "2023.??.??"]

1. e4 d5 2. exd5 Qxd5 3. Nc3 Qa5 4. d4 Nf6 5. Bc4 Nc6 6. Nge2 e5 7. O-O Bg4 8. f3 Bf5 9. Ng3 Nxd4 10. Nxf5 Nxf5 11. Ne4 Nd6 12. Nxd6+ Bxd6 13. Qe2 O-O 14. Bg5 Nd7 15. Rad1 Nb6 16. Bd3 f5 17. g4 g6 18. gxf5 gxf5 19. Qg2 Kh8 20. Kh1 Qxa2 21. c4 e4 22. fxe4 Be5 23. exf5 Qxb2 24. Rd2 Qc3 25. f6 Rf7 26. Qh3 Re8 27. Qh5 Ref8 28. Bg6 Nxc4 29. Rg2 Ne3 30. Bxe3 Qc4 31. Rfg1 Bxf6 32. Bxf7 Qxf7 33. Qxf7 Rxf7 34. Rg8# 1-0

[Event "OLNO 2324 SC Weisse Dame - Forster SC 95"]
[Site "?"]
[Date "2023.11.19"]
[Round "2.7"]
[White "Szylko, Waldemar"]
[Black "Uhl, Heinz"]
[Result "1-0"]
[WhiteElo "1897"]
[BlackElo "2122"]
[PlyCount "142"]
[EventDate "2023.??.??"]

1. e4 c5 2. Nc3 Nc6 3. g3 g6 4. d3 Bg7 5. Be3 d6 6. Qd2 Nd4 7. Bg2 e6 8. f4 Ne7 9. Nf3 O-O 10. O-O Rb8 11. Rab1 b6 12. Ne2 Nxe2+ 13. Qxe2 Ba6 14. g4 d5 15. e5 d4 16. Bd2 Qc8 17. Ng5 c4 18. Bb4 Qc7 19. Bd6 Qd7 20. Bxb8 Rxb8 21. dxc4 b5 22. c5 Nd5 23. Ne4 Ne3 24. Rf2 Nxg2 25. Rxg2 Qd5 26. b3 g5 27. Nxg5 Bb7 28. Re1 Qxc5 29. Ne4 Qc6 30. Qd3 Rd8 31. b4 Kh8 32. Ree2 Qc4 33. a3 Qa2 34. Rgf2 Qd5 35. h4 Rc8 36. Kh2 f5 37. exf6 Bxf6 38. g5 Bg7 39. Re1 Rf8 40. Kg3 Bc8 41. Ref1 Rf5 42. Kh2 e5 43. Ng3 Rxf4 44. Rxf4 exf4 45. Rxf4 Bb7 46. Qf1 Kg8 47. Nh5 Be5 48. Nf6+ Bxf6 49. Rxf6 Qe5+ 50. Qf4 Qe2+ 51. Qf2 d3 52. cxd3 Qe5+ 53. Rf4 Qd6 54. Qe3 Qc6 55. Rf2 a6 56. d4 Qh1+ 57. Kg3 Qc6 58. Qf4 Qe8 59. Qe5 Qd7 60. d5 Bc8 61. Qe6+ Qxe6 62. dxe6 Bxe6 63. Rf6 Bc4 64. Rxa6 Kg7 65. h5 Bd3 66. Ra7+ Kg8 67. Kf4 h6 68. gxh6 Be2 69. Rb7 Kh8 70. Kg5 Bc4 71. Kf5 Be2 1-0

[Event "OLNO 2324 SC Weisse Dame - Forster SC 95"]
[Site "?"]
[Date "2023.11.19"]
[Round "2.8"]
[White "Mahn, Franko"]
[Black "Goldschmidt, Juergen"]
[Result "1-0"]
[WhiteElo "2155"]
[BlackElo "1831"]
[PlyCount "51"]
[EventDate "2023.??.??"]

1. d4 c6 2. Nf3 d5 3. g3 Nf6 4. Bg2 Bf5 5. O-O h6 6. c4 e6 7. Nc3 Bd6 8. Qb3 Qb6 9. c5 Qxb3 10. axb3 Bc7 11. b4 Ne4 12. Nd2 Nxc3 13. bxc3 e5 14. c4 e4 15. b5 Bd8 16. cxd5 cxd5 17. f3 Bf6 18. e3 exf3 19. Bxf3 Bd3 20. Bxd5 Bxf1 21. Kxf1 a6 22. Bxb7 Ra7 23. Bf3 O-O 24. b6 Re7 25. Nc4 Rc8 26. Ra4 1-0

[Event "OLNO 2324 SF Berlin II - SC Weisse Dame"]
[Site "?"]
[Date "2023.12.03"]
[Round "3.1"]
[White "Gelman, Josef"]
[Black "Florstedt, Johannes"]
[Result "0-1"]
[WhiteElo "2073"]
[BlackElo "2345"]
[PlyCount "54"]
[EventDate "2023.??.??"]

1. e4 c5 2. Nf3 d6 3. d4 cxd4 4. Nxd4 Nf6 5. Nc3 a6 6. h3 e6 7. Bg5 h6 8. Bh4 Be7 9. Qd2 b5 10. Bxf6 Bxf6 11. O-O-O O-O 12. Kb1 Bb7 13. Nf3 b4 14. Ne2 Bxe4 15. Qxb4 Bxf3 16. gxf3 Nc6 17. Qa4 Qb6 18. b3 Rfc8 19. c3 Qxf2 20. f4 Ne7 21. Qe4 Nd5 22. Rc1 Rab8 23. c4 Ne3 24. Qd3 d5 25. c5 Nc4 26. Kc2 Nd6 27. Kd1 Ne4 0-1

[Event "OLNO 2324 SF Berlin II - SC Weisse Dame"]
[Site "?"]
[Date "2023.12.03"]
[Round "3.2"]
[White "Lauber, Arnd"]
[Black "Buyukasik, Diyap"]
[Result "1-0"]
[WhiteElo "2401"]
[BlackElo "2234"]
[PlyCount "123"]
[EventDate "2023.??.??"]

1. d4 Nf6 2. c4 e6 3. Nc3 Bb4 4. e3 b6 5. Bd3 Bb7 6. Nf3 O-O 7. O-O d5 8. cxd5 exd5 9. Ne5 Nbd7 10. f4 c5 11. Ne2 c4 12. Bc2 b5 13. Nc3 a6 14. Qf3 Re8 15. a4 Bxc3 16. bxc3 Qc7 17. Qh3 Nf8 18. Ba3 Bc8 19. Qg3 Bd7 20. f5 Bc6 21. Rf3 Rac8 22. Qh4 Rxe5 23. dxe5 Qxe5 24. Qd4 N8d7 25. axb5 Bxb5 26. Rff1 Re8 27. Qxe5 Rxe5 28. Rae1 h5 29. h3 Re8 30. Rf4 Ne5 31. Rd4 Nd3 32. Re2 Ne4 33. Bb4 Ng3 34. Rd2 Nxf5 35. Rxd5 Nxe3 36. Rxh5 g6 37. Rg5 Nxb4 38. cxb4 c3 39. Rf2 Rd8 40. Rg3 Nd1 41. Rf4 Kg7 42. Kh2 Rd2 43. Bxd1 Rxd1 44. Rxc3 Rd7 45. h4 Re7 46. g4 Rd7 47. Kg3 Re7 48. Rd4 Re1 49. Rc7 Rg1+ 50. Kf4 Be2 51. g5 Bb5 52. Ke5 Re1+ 53. Re4 Rd1 54. Rf4 Re1+ 55. Kd5 Be8 56. Re4 Rd1+ 57. Kc5 Kf8 58. Kb6 Rd6+ 59. Ka5 Bd7 60. Ra7 Bf5 61. Ra8+ Kg7 62. Ree8 1-0

[Event "OLNO 2324 SF Berlin II - SC Weisse Dame"]
[Site "?"]
[Date "2023.12.03"]
[Round "3.3"]
[White "Moeller, Hendrik"]
[Black "Poltorak, Sebastian"]
[Result "0-1"]
[WhiteElo "2268"]
[BlackElo "2362"]
[PlyCount "62"]
[EventDate "2023.??.??"]

1. c4 Nf6 2. g3 c5 3. Bg2 d5 4. cxd5 Nxd5 5. Nc3 Nc7 6. Nf3 Nc6 7. O-O e5 8. Ne1 h5 9. d3 h4 10. Be3 hxg3 11. fxg3 Bh3 12. Qb3 Qd7 13. Rf2 Bxg2 14. Nxg2 Ne6 15. Raf1 f6 16. Nh4 O-O-O 17. Qc4 b6 18. Ng6 Rg8 19. a3 Kb8 20. Rb1 Rc8 21. Qe4 Ncd4 22. Nxf8 Rgxf8 23. Bd2 c4 24. dxc4 Rxc4 25. Qg2 Nc2 26. Nd5 e4 27. Ne3 Rd4 28. Nxc2 Rxd2 29. Qxe4 Ng5 30. Qf4+ Kb7 31. Qb4 Re8 0-1

[Event "OLNO 2324 SF Berlin II - SC Weisse Dame"]
[Site "?"]
[Date "2023.12.03"]
[Round "3.4"]
[White "Ahlander, Bjorn"]
[Black "Waldmann, Hans-Joachim"]
[Result "1-0"]
[WhiteElo "2375"]
[BlackElo "2278"]
[PlyCount "53"]
[EventDate "2023.??.??"]

1. d4 Nf6 2. c4 g6 3. Nc3 Bg7 4. e4 O-O 5. Bg5 c5 6. d5 d6 7. f4 Ng4 8. Nf3 b5 9. Qd2 f5 10. exf5 b4 11. Ne4 gxf5 12. Ng3 Qe8 13. h3 e5 14. hxg4 exf4+ 15. Ne2 fxg4 16. O-O-O gxf3 17. Nxf4 Bf5 18. Bd3 Nd7 19. g4 Bg6 20. Bxg6 hxg6 21. Ne6 Ne5 22. Qh2 Kf7 23. Nxg7 Qa4 24. Ne6 Rh8 25. Qf4+ Kg8 26. Rxh8+ Kxh8 27. Qf6+ 1-0

[Event "OLNO 2324 SF Berlin II - SC Weisse Dame"]
[Site "?"]
[Date "2023.12.03"]
[Round "3.6"]
[White "Chatzidakis, Mihail"]
[Black "Zhou, Lepu Coco"]
[Result "1-0"]
[WhiteElo "2325"]
[BlackElo "1983"]
[PlyCount "75"]
[EventDate "2023.??.??"]

1. e4 e5 2. d4 exd4 3. Qxd4 Nc6 4. Qe3 Nf6 5. Nc3 b6 6. Bd3 Bb7 7. Qg3 d5 8. e5 Qe7 9. f4 d4 10. Nce2 Nd5 11. a3 O-O-O 12. Nf3 f6 13. O-O Ne3 14. Bxe3 dxe3 15. Rae1 Kb8 16. Nc3 Qc5 17. Ne4 Qd5 18. Rxe3 Ne7 19. Nc3 Qc5 20. Rfe1 Rxd3 21. cxd3 Nf5 22. Qf2 Nxe3 23. Rxe3 Be7 24. Re1 Qa5 25. exf6 Bxf6 26. Ne5 Rd8 27. d4 b5 28. h3 Qb6 29. Rd1 Be7 30. Kh2 g5 31. f5 Bf6 32. Qe2 a6 33. Kh1 Ka8 34. d5 b4 35. axb4 Qxb4 36. Nc6 Bxc6 37. dxc6 Rxd1+ 38. Nxd1 {Zeit.} 1-0

[Event "OLNO 2324 SF Berlin II - SC Weisse Dame"]
[Site "?"]
[Date "2023.12.03"]
[Round "3.7"]
[White "Kyritz, Michael"]
[Black "Lundin, Jan"]
[Result "1/2-1/2"]
[WhiteElo "2202"]
[BlackElo "2202"]
[PlyCount "87"]
[EventDate "2023.??.??"]

1. d4 Nf6 2. c4 e6 3. Nc3 Bb4 4. Bd2 O-O 5. Nf3 b6 6. g3 Bb7 7. Bg2 d6 8. O-O Nbd7 9. Rc1 a5 10. Bg5 Bxc3 11. Rxc3 h6 12. Bxf6 Nxf6 13. Nd2 Bxg2 14. Kxg2 Qd7 15. e4 e5 16. Rd3 exd4 17. Rxd4 Rfe8 18. Re1 Qc6 19. f3 a4 20. Nf1 b5 21. Ne3 Rab8 22. Re2 Re5 23. a3 b4 24. Nd5 bxa3 25. bxa3 Rb3 26. Re3 Rb2+ 27. Re2 Nxd5 28. cxd5 Qb5 29. Rxb2 Qxb2+ 30. Qd2 Qxa3 31. Qc2 Qb3 32. Qxb3 axb3 33. Rb4 f5 34. Kf2 g5 35. h3 fxe4 36. fxe4 Kg7 37. Ke3 Re7 38. Rxb3 Rf7 39. Rb8 Kf6 40. Rh8 Kg6 41. Re8 h5 42. Rg8+ Kf6 43. Rh8 Kg6 44. Rg8+ 1/2-1/2

[Event "OLNO 2324 SF Berlin II - SC Weisse Dame"]
[Site "?"]
[Date "2023.12.03"]
[Round "3.8"]
[White "Carmesin, Leon Lucas Finn"]
[Black "Venske, Kai-Gerrit"]
[Result "0-1"]
[WhiteElo "2035"]
[BlackElo "2136"]
[PlyCount "134"]
[EventDate "2023.??.??"]

1. d4 f5 2. c4 Nf6 3. g3 g6 4. Bg2 Bg7 5. Nf3 O-O 6. O-O d6 7. b3 Nc6 8. Bb2 e5 9. d5 Ne7 10. Ng5 Ne8 11. Nc3 Kh8 12. f4 e4 13. Qd2 h6 14. Nh3 c6 15. Rad1 Bd7 16. Nf2 Ng8 17. c5 cxd5 18. Qxd5 e3 19. Nd3 Bc6 20. Qc4 Bxg2 21. Kxg2 Rc8 22. Ne5 Kh7 23. Nf7 Qa5 24. b4 Qc7 25. Ng5+ hxg5 26. fxg5 Qc6+ 27. Kg1 Ne7 28. Rf4 d5 29. Rh4+ Kg8 30. Nxd5 Nxd5 31. Rxd5 Qe6 32. Bxg7 Nxg7 33. Qd4 Rc7 34. Rd6 Qxa2 35. Rxg6 Qb1+ 36. Kg2 f4 37. Rgh6 f3+ 38. exf3 Qc2+ 39. Kh3 Qf5+ 40. Rg4 Qxf3 41. Qc4+ Qf7 42. Qe2 Qf1+ 43. Qxf1 Rxf1 44. Re4 Rf3 45. Kg4 Rcf7 46. Rd6 Rf2 47. g6 Rf8 48. h4 Ne8 49. Rxe3 Nxd6 50. cxd6 R2f6 51. Kg5 Rxd6 52. Re7 Rfd8 53. h5 Rd5+ 54. Kh6 R5d7 55. Re1 b6 56. b5 a5 57. bxa6 Rb8 58. Kg5 Rd5+ 59. Kh6 Rd7 60. Kg5 b5 61. h6 Rd5+ 62. Kf6 Rb6+ 63. Re6 Rxe6+ 64. Kxe6 Rd8 65. Kf6 Rd6+ 66. Kf5 Rxa6 67. g4 b4 0-1

[Event "OLNO 2324 TSG Oberschöneweide - SC Empo"]
[Site "?"]
[Date "2023.12.03"]
[Round "3.1"]
[White "Tschernatsch, Johannes"]
[Black "Schoewel, Matthias"]
[Result "1-0"]
[WhiteElo "2335"]
[BlackElo "2219"]
[PlyCount "115"]
[EventDate "2023.??.??"]

1. e4 e5 2. Nf3 Nc6 3. Bc4 Be7 4. O-O Nf6 5. Re1 O-O 6. d3 d6 7. c3 h6 8. Nbd2 Nh7 9. d4 Ng5 10. h3 Bf6 11. Nxg5 Bxg5 12. Nf3 Bxc1 13. Rxc1 Qf6 14. Rc2 Ne7 15. Bf1 Ng6 16. g3 Be6 17. c4 Rad8 18. Re3 c5 19. d5 Bc8 20. h4 Bg4 21. Be2 Ne7 22. Ra3 Ra8 23. Rc1 g6 24. Nh2 Bxe2 25. Qxe2 Qg7 26. g4 Qf6 27. Rh3 a6 28. Qe3 Qg7 29. Nf1 Kh7 30. Rg3 b5 31. Qe2 Rfb8 32. Ne3 Qf8 33. Kg2 Ra7 34. Rf1 bxc4 35. Nxc4 Qd8 36. f4 exf4 37. Rxf4 Ng8 38. g5 Re7 39. Qf1 Rbb7 40. Rgf3 Kg7 41. b3 Red7 42. Qa1+ Kf8 43. gxh6 Nxh6 44. Qh8+ Ng8 45. e5 f5 46. Nxd6 Rxd6 47. exd6 Rg7 48. h5 Qf6 49. h6 Qg5+ 50. Rg3 Qxh6 51. Rxf5+ Ke8 52. Qxh6 Nxh6 53. Rf6 Kd7 54. Rgxg6 Rxg6+ 55. Rxg6 Nf5 56. Kf2 a5 57. Ke2 Nxd6 58. Kd3 1-0

[Event "OLNO 2324 TSG Oberschöneweide - SC Empo"]
[Site "?"]
[Date "2023.12.03"]
[Round "3.2"]
[White "Horn, Sven"]
[Black "Penzold, Andreas"]
[Result "0-1"]
[WhiteElo "2094"]
[BlackElo "2355"]
[PlyCount "88"]
[EventDate "2023.??.??"]

1. e4 d6 2. d4 Nf6 3. Nc3 c6 4. f4 Qa5 5. Bd3 e5 6. Nf3 exd4 7. Nxd4 Qb6 8. Na4 Qa5+ 9. Nc3 Be7 10. Be3 O-O 11. Nb3 Qc7 12. Be2 b5 13. a3 Re8 14. O-O Bf8 15. Bf3 Bb7 16. Bf2 Nbd7 17. Kh1 a5 18. Re1 b4 19. axb4 axb4 20. Rxa8 Bxa8 21. Nb1 c5 22. N3d2 Bc6 23. c4 Ra8 24. Bg3 Ra2 25. Qb3 Ra1 26. e5 Ne8 27. Qd3 Bxf3 28. Nxf3 g6 29. Qe2 Ng7 30. Nbd2 Ra2 31. Nf1 dxe5 32. fxe5 Ne6 33. Ne3 Bg7 34. Nd5 Qa7 35. h4 h6 36. h5 g5 37. Ne7+ Kh8 38. Nf5 Nb6 39. Nd6 Na4 40. Rb1 Nc3 41. Qd3 Nxb1 42. Qf5 Kg8 43. Nc8 Qa8 44. Nd6 Ra7 0-1

[Event "OLNO 2324 TSG Oberschöneweide - SC Empo"]
[Site "?"]
[Date "2023.12.03"]
[Round "3.3"]
[White "Schoene, Ralf"]
[Black "Raitza, Olaf"]
[Result "1/2-1/2"]
[WhiteElo "2238"]
[BlackElo "2035"]
[PlyCount "118"]
[EventDate "2023.??.??"]

1. d4 Nf6 2. c4 e6 3. Nc3 Bb4 4. e3 c5 5. a3 Bxc3+ 6. bxc3 b6 7. Nf3 Nc6 8. Bd3 d6 9. e4 e5 10. d5 Na5 11. Nd2 O-O 12. O-O g6 13. Re1 Nh5 14. g3 Ba6 15. Qe2 Qd7 16. a4 Rae8 17. Nf1 Qh3 18. Ne3 f5 19. exf5 gxf5 20. Qc2 Ng7 21. Bf1 Qh5 22. Ng2 Bxc4 23. Bxc4 Nxc4 24. Qd3 Na5 25. c4 Qg4 26. f4 Nh5 27. Qc3 Nf6 28. Bb2 Ne4 29. Qd3 Qh3 30. fxe5 dxe5 31. d6 Qh6 32. Rad1 Qe6 33. Ne3 Rd8 34. Qd5 Qxd5 35. Rxd5 Rxd6 36. Bxe5 Rxd5 37. cxd5 Nd2 38. Kg2 Nac4 39. Nxc4 Nxc4 40. Bf4 Rd8 41. Re7 a5 42. Kh3 Rxd5 43. Kh4 Nd2 44. Rb7 c4 45. Rxb6 c3 46. Rc6 Ne4 47. Be3 Rd6 48. Rc7 Rd3 49. Bh6 Rd6 50. Be3 Rd3 51. Bh6 Rd4 52. Rg7+ Kh8 53. Rc7 Nd6+ 54. Bf4 Rc4 55. Rxc4 Nxc4 56. Kg5 c2 57. Kxf5 Kg8 58. Ke4 Nb2 59. Kd4 Nxa4 1/2-1/2

[Event "OLNO 2324 TSG Oberschöneweide - SC Empo"]
[Site "?"]
[Date "2023.12.03"]
[Round "3.4"]
[White "Jauk, Wilhelm"]
[Black "Trenner, Rolf"]
[Result "0-1"]
[WhiteElo "2149"]
[BlackElo "2121"]
[PlyCount "64"]
[EventDate "2023.??.??"]

1. d4 d5 2. Nf3 Nf6 3. e3 Bg4 4. Nbd2 e6 5. h3 Bxf3 6. Nxf3 Nbd7 7. Be2 Bd6 8. O-O O-O 9. b3 Ne4 10. Bb2 f5 11. Ne5 Nxe5 12. dxe5 Bc5 13. Bd4 Ba3 14. f3 Ng3 15. Rf2 c5 16. Bc3 f4 17. exf4 Rxf4 18. Bd2 Rf7 19. c3 Qh4 20. Qc2 c4 21. b4 a5 22. Rb1 axb4 23. cxb4 Qd4 24. Re1 Ne4 25. fxe4 Qxf2+ 26. Kh1 b5 27. Bg4 Bxb4 28. Re2 Qf1+ 29. Kh2 Rf2 30. Rxf2 Qxf2 31. Bxe6+ Kh8 32. exd5 Bxd2 0-1

[Event "OLNO 2324 TSG Oberschöneweide - SC Empo"]
[Site "?"]
[Date "2023.12.03"]
[Round "3.5"]
[White "Bachmann, Volker"]
[Black "Hommel, Niclas"]
[Result "0-1"]
[WhiteElo "2075"]
[BlackElo "2099"]
[PlyCount "132"]
[EventDate "2023.??.??"]

1. d4 Nf6 2. c4 g6 3. Nc3 d5 4. cxd5 Nxd5 5. e4 Nxc3 6. bxc3 Bg7 7. Nf3 c5 8. Rb1 O-O 9. Be2 cxd4 10. cxd4 Qa5+ 11. Qd2 Qxd2+ 12. Bxd2 b6 13. O-O Bb7 14. Bd3 Rd8 15. Be3 e6 16. Rfd1 Nc6 17. Bc2 Rac8 18. Rbc1 h6 19. Bb1 Rc7 20. Rd2 Rcd7 21. Rcd1 Na5 22. Rc1 f5 23. d5 exd5 24. exf5 Nc4 25. Re2 d4 26. Bd3 Nxe3 27. fxe3 dxe3 28. Bc4+ Kh8 29. Be6 Rd1+ 30. Re1 e2 31. Kf2 Rxc1 32. Rxc1 Rd1 33. Rc2 Ba6 34. Bc4 Bxc4 35. Rxc4 gxf5 36. Kxe2 Rd5 37. Ke3 Ra5 38. a4 Bf8 39. g3 Be7 40. Nd4 Rd5 41. Nb5 Bc5+ 42. Kf4 a6 43. Nc7 Bd6+ 44. Ke3 Rc5 45. Rxc5 Bxc5+ 46. Kf3 Kh7 47. Nxa6 Bd6 48. Ke3 h5 49. Kd4 h4 50. gxh4 f4 51. Kd5 f3 52. Kxd6 f2 53. Kc6 f1=Q 54. Kxb6 Kg6 55. a5 Qb1+ 56. Kc6 Qa2 57. Kb6 Qb3+ 58. Kc6 Qa4+ 59. Kb6 Kf7 60. Nc7 Qd4+ 61. Kb7 Qb4+ 62. Ka6 Qc5 63. Na8 Ke7 64. h5 Kd7 65. h6 Kc6 66. Nc7 Qb4 0-1

[Event "OLNO 2324 TSG Oberschöneweide - SC Empo"]
[Site "?"]
[Date "2023.12.03"]
[Round "3.6"]
[White "Boewer, Roland"]
[Black "Piersig, Hans-Juergen"]
[Result "1-0"]
[WhiteElo "2165"]
[BlackElo "2108"]
[PlyCount "43"]
[EventDate "2023.??.??"]

1. Nf3 Nf6 2. b3 g6 3. Bb2 Bg7 4. e4 d6 5. d3 O-O 6. Be2 c5 7. O-O Nc6 8. Nbd2 Rb8 9. Re1 b5 10. a3 e5 11. Nf1 Bh6 12. Bc1 Bxc1 13. Qxc1 Kg7 14. Qb2 h6 15. b4 Qb6 16. Ne3 Nd4 17. Bd1 Re8 18. c3 Nxf3+ 19. Bxf3 Bb7 20. Rad1 h5 21. Qd2 Rbd8 22. Nf5+ 1-0

[Event "OLNO 2324 TSG Oberschöneweide - SC Empo"]
[Site "?"]
[Date "2023.12.03"]
[Round "3.7"]
[White "Puhlmann, Rainer"]
[Black "Hoeckendorf, Hartmut"]
[Result "1-0"]
[WhiteElo "2080"]
[BlackElo "2122"]
[PlyCount "119"]
[EventDate "2023.??.??"]

1. Nf3 Nf6 2. c4 g6 3. Nc3 Bg7 4. g3 d6 5. Bg2 O-O 6. O-O Nc6 7. d3 h6 8. Rb1 e5 9. b4 Nh5 10. b5 Ne7 11. Nd2 f5 12. Nd5 Nxd5 13. Bxd5+ Kh7 14. e3 Qe8 15. Bg2 g5 16. Bb2 Nf6 17. Qc2 a6 18. a4 Rf7 19. Bc3 axb5 20. axb5 Rb8 21. Rfe1 Re7 22. Qb2 b6 23. Ra1 Bb7 24. Bxb7 Rxb7 25. Nf1 Rb8 26. Qe2 Qg6 27. f3 h5 28. e4 f4 29. Kh1 Rf8 30. Ra2 g4 31. gxf4 exf4 32. Ba1 Rg8 33. Nd2 Nd7 34. d4 Bf6 35. Qf2 g3 36. Qg2 h4 37. h3 Qg7 38. Nb3 Nf8 39. Qd2 g2+ 40. Qxg2 Qh6 41. Qf1 Rg3 42. Rh2 Qh5 43. Nd2 Ne6 44. e5 dxe5 45. Ne4 Bh8 46. Nxg3 hxg3 47. Rd2 Ng5 48. Rd3 e4 49. Rxe4 Rxe4 50. fxe4 f3 51. Rxf3 Qxf3+ 52. Qxf3 Nxf3 53. e5 Nh4 54. c5 Kg6 55. d5 g2+ 56. Kg1 Bxe5 57. Bxe5 Nf3+ 58. Kxg2 Nxe5 59. d6 cxd6 60. cxb6 1-0

[Event "OLNO 2324 Forster SC 95 - SC Kreuzberg"]
[Site "?"]
[Date "2023.12.03"]
[Round "3.1"]
[White "Glantz, Robert"]
[Black "Aliavdin, Nikolai"]
[Result "0-1"]
[WhiteElo "2369"]
[BlackElo "2321"]
[PlyCount "64"]
[EventDate "2023.??.??"]

1. d4 Nf6 2. Nf3 d5 3. Bf4 c5 4. e3 Nc6 5. c3 Qb6 6. Qc2 g6 7. Nbd2 Bg7 8. Be2 O-O 9. h3 Bf5 10. Qb3 c4 11. Qa3 Nd7 12. e4 dxe4 13. Nxc4 exf3 14. Nxb6 axb6 15. Qb3 fxe2 16. Be3 e5 17. d5 Nd4 18. cxd4 exd4 19. Bd2 Rfe8 20. Rc1 Nc5 21. Rxc5 bxc5 22. f3 Rac8 23. Qc4 b5 24. Qxb5 c4 25. d6 c3 26. Bf4 d3 27. d7 d2+ 28. Bxd2 cxd2+ 29. Kxd2 Bxd7 30. Qg5 Bxb2 31. Qd5 Bc3+ 32. Kd3 Bf5+ 0-1

[Event "OLNO 2324 Forster SC 95 - SC Kreuzberg"]
[Site "?"]
[Date "2023.12.03"]
[Round "3.2"]
[White "Kleeschaetzky, Rainer"]
[Black "Dubessay, Bastien"]
[Result "1/2-1/2"]
[WhiteElo "2243"]
[BlackElo "2241"]
[PlyCount "90"]
[EventDate "2023.??.??"]

1. e4 e6 2. d4 d5 3. e5 c5 4. c3 Nc6 5. Nf3 Bd7 6. Be2 f6 7. O-O fxe5 8. Nxe5 Nxe5 9. dxe5 Qc7 10. f4 Nh6 11. c4 d4 12. Nd2 Bc6 13. Bd3 O-O-O 14. Ne4 Be7 15. Bd2 Nf5 16. Qe2 h6 17. b4 g5 18. b5 Bxe4 19. Bxe4 Ne3 20. Bxe3 dxe3 21. Qxe3 gxf4 22. Qxf4 Rd4 23. Rae1 Qd7 24. h3 Kc7 25. a4 Rxc4 26. Qg3 Rf8 27. Rxf8 Bxf8 28. Qf3 Be7 29. Bxb7 Rxa4 30. Bc6 Qd4+ 31. Kh2 Qf4+ 32. Qxf4 Rxf4 33. Ra1 Kb8 34. Rd1 Rd4 35. Rxd4 cxd4 36. Bd7 Kc7 37. Bxe6 Kb6 38. Bc4 Kc5 39. Be2 Kb4 40. Kg3 Kc3 41. Kf3 d3 42. Bd1 Kd2 43. Bb3 Kc3 44. Bd1 Kd2 45. Bb3 Kc3 1/2-1/2

[Event "OLNO 2324 Forster SC 95 - SC Kreuzberg"]
[Site "?"]
[Date "2023.12.03"]
[Round "3.3"]
[White "Matthes, Aaron"]
[Black "Jagodzinski, Piotr"]
[Result "1-0"]
[WhiteElo "2207"]
[BlackElo "2165"]
[PlyCount "63"]
[EventDate "2023.??.??"]

1. d4 d5 2. c4 e6 3. Nf3 Nf6 4. g3 Be7 5. Bg2 O-O 6. O-O dxc4 7. Qc2 b5 8. a4 b4 9. Nfd2 Nd5 10. Nxc4 c5 11. dxc5 Bxc5 12. e4 Ne7 13. Rd1 Nd7 14. Ne5 Nxe5 15. Rxd8 Rxd8 16. Qxc5 Rd1+ 17. Bf1 Nf3+ 18. Kg2 Ne1+ 19. Kh3 e5+ 20. g4 Nf3 21. Qxe7 h5 22. Nd2 Bxg4+ 23. Kg3 Nxd2 24. Bxd2 Rxa1 25. Bc4 Rg1+ 26. Kh4 Rf8 27. h3 Bd1 28. Qxe5 Kh7 29. Qf5+ Kh8 30. f3 g6 31. Qf6+ Kh7 32. Be3 1-0